[Event "POL-chT U19 2nd League"]
[Site "Iwonicz"]
[Date "2016.07.31"]
[Round "2.17"]
[White "Dwilewicz, Katarzyna"]
[Black "Kasperek, Kinga"]
[Result "1/2-1/2"]
[WhiteElo "1786"]
[BlackElo "1585"]
[PlyCount "65"]
[EventDate "2016.07.23"]
[EventType "team-swiss"]
[EventRounds "11"]
[EventCountry "POL"]
[SourceTitle "EXT 2019"]
[Source "ChessBase"]
[SourceDate "2018.10.10"]
[SourceVersion "1"]
[SourceVersionDate "2018.10.10"]
[SourceQuality "1"]
[WhiteTeam "Konin UKS Smecz U19"]
[BlackTeam "Myslenice MAT U20"]
[WhiteTeamCountry "POL"]
[BlackTeamCountry "POL"]

1. e4 c5 2. Nf3 e6 3. d4 cxd4 4. Nxd4 Nf6 5. Nc3 Nc6 6. Ndb5 Bb4 7. a3 Bxc3+ 8. Nxc3 d5 9. exd5 exd5 10. Bd3 0-0 11. 0-0 d4 12. Ne2 Bg4 13. f3 Bh5 14. b4 a6 15. Nf4 Bg6 16. Nxg6 hxg6 17. Bg5 Qd6 18. Qd2 Rfe8 19. Rad1 Rac8 20. Rfe1 b5 21. Rxe8+ Rxe8 22. Bxf6 Qxf6 23. Be4 Rd8 24. Qf2 Ne5 25. h3 Nc4 26. Rd3 Qe5 27. Bb7 Qf6 28. f4 Rd7 29. Be4 Nb6 30. Qd2 Qd8 31. Qf2 Qf6 32. g4 Nc4 33. g5 1/2-1/2

[Event "POL-chT U19 2nd League"]
[Site "Iwonicz"]
[Date "2016.07.31"]
[Round "6.5"]
[White "Kasperek, Kinga"]
[Black "Kordela, Monika"]
[Result "1-0"]
[WhiteElo "1585"]
[BlackElo "1783"]
[PlyCount "41"]
[EventDate "2016.07.23"]
[EventType "team-swiss"]
[EventRounds "11"]
[EventCountry "POL"]
[SourceTitle "EXT 2019"]
[Source "ChessBase"]
[SourceDate "2018.10.10"]
[SourceVersion "1"]
[SourceVersionDate "2018.10.10"]
[SourceQuality "1"]
[WhiteTeam "Myslenice MAT U20"]
[BlackTeam "Jastrzebie Zdroj Pionier U19"]
[WhiteTeamCountry "POL"]
[BlackTeamCountry "POL"]

1. e4 c5 2. Nf3 g6 3. d4 cxd4 4. Nxd4 Nc6 5. Nc3 d6 6. Be3 Bg7 7. Qd2 Nf6 8. f3 0-0 9. Bc4 Bd7 10. h4 h5 11. 0-0-0 Rb8 12. g4 Na5 13. Bb3 hxg4 14. h5 Nxh5 15. Rxh5 Nxb3+ 16. axb3 gxh5 17. Bh6 Qa5 18. Bxg7 Kxg7 19. Nf5+ Bxf5 20. Qg5+ Kh8 21. Qxh5+ 1-0

[Event "POL-chT U19 2nd League"]
[Site "Iwonicz"]
[Date "2016.07.31"]
[Round "9.35"]
[White "Kasperek, Kinga"]
[Black "Wilant, Marta"]
[Result "1-0"]
[WhiteElo "1585"]
[BlackElo "1306"]
[PlyCount "95"]
[EventDate "2016.07.23"]
[EventType "team-swiss"]
[EventRounds "11"]
[EventCountry "POL"]
[SourceTitle "EXT 2019"]
[Source "ChessBase"]
[SourceDate "2018.10.10"]
[SourceVersion "1"]
[SourceVersionDate "2018.10.10"]
[SourceQuality "1"]
[WhiteTeam "Myslenice MAT U20"]
[BlackTeam "Kozuchow Odrodzenie U19"]
[WhiteTeamCountry "POL"]
[BlackTeamCountry "POL"]

1. d4 d5 2. c4 e6 3. Nc3 Nf6 4. cxd5 exd5 5. Bg5 Be7 6. e3 c6 7. Bd3 0-0 8. Qc2 h6 9. Bf4 Bd6 10. Bg3 Ne8 11. Nf3 Nd7 12. 0-0-0 b5 13. Kb1 Nb6 14. Bxd6 Qxd6 15. Ne5 Nc4 16. Nxc4 bxc4 17. Be2 Nc7 18. Bf3 Be6 19. g4 g6 20. Be2 Rfb8 21. f4 Nb5 22. Ka1 a5 23. Na4 Kg7 24. f5 Bd7 25. e4 Qb4 26. e5 Ra7 27. Rhf1 Rf8 28. a3 Nxa3 29. bxa3 Qxa3+ 30. Qa2 Qxa2+ 31. Kxa2 Rb8 32. f6+ Kg8 33. Rb1 Rb4 34. Nc5 Bc8 35. h3 Ra8 36. Rb2 Rab8 37. Rfb1 c3 38. Rxb4 axb4 39. Kb3 Ra8 40. Re1 c2 41. Na4 Ba6 42. Bxa6 Rxa6 43. Rc1 Kf8 44. Rxc2 Ke8 45. Kxb4 Ra8 46. Rxc6 Rb8+ 47. Rb6 Rc8 48. Nc3 1-0

[Event "POL-chT U19 2nd League"]
[Site "Iwonicz"]
[Date "2016.07.31"]
[Round "1.77"]
[White "Kasperek, Kinga"]
[Black "Zamarska, Sylwia"]
[Result "1-0"]
[WhiteElo "1585"]
[BlackElo "1601"]
[PlyCount "95"]
[EventDate "2016.07.23"]
[EventType "team-swiss"]
[EventRounds "11"]
[EventCountry "POL"]
[SourceTitle "EXT 2019"]
[Source "ChessBase"]
[SourceDate "2018.10.10"]
[SourceVersion "1"]
[SourceVersionDate "2018.10.10"]
[SourceQuality "1"]
[WhiteTeam "Myslenice MAT U20"]
[BlackTeam "Cieszyn MUKS SZS U19"]
[WhiteTeamCountry "POL"]
[BlackTeamCountry "POL"]

1. d4 d5 2. c4 c6 3. cxd5 cxd5 4. Nc3 Nc6 5. Bf4 Nf6 6. e3 e6 7. Bb5 Bd6 8. Bxd6 Qxd6 9. f4 0-0 10. Nf3 b6 11. 0-0 Bb7 12. Ne5 Nd7 13. Rf3 f5 14. Rh3 Nf6 15. Qe1 a6 16. Bxc6 Bxc6 17. Qh4 Be8 18. g4 fxg4 19. Nxg4 Bg6 20. Ne5 Bf5 21. Rg3 Qe7 22. Kh1 Rae8 23. Kg1 Nd7 24. Qxe7 Rxe7 25. Nxd7 Rxd7 26. Na4 b5 27. Nc5 Rd6 28. b4 Rb8 29. Rg2 Kf7 30. Rb2 Ke7 31. a4 bxa4 32. Rxa4 Ra8 33. b5 Rb6 34. Ra5 Bg6 35. Rba2 Be8 36. Rxa6 Raxa6 37. bxa6 Bc6 38. Kg2 Ba8 39. Kg3 g6 40. Kg4 h6 41. h4 Kf7 42. a7 Rb1 43. Ra6 h5+ 44. Kg3 Rg1+ 45. Kf2 Rc1 46. Nd7 Rc6 47. Rxc6 Bxc6 48. Nb6 1-0

[Event "POL-chT U19 2nd League"]
[Site "Iwonicz"]
[Date "2016.07.31"]
[Round "5.23"]
[White "Kozaczynska, Aleksandra"]
[Black "Kasperek, Kinga"]
[Result "0-1"]
[WhiteElo "1683"]
[BlackElo "1585"]
[PlyCount "118"]
[EventDate "2016.07.23"]
[EventType "team-swiss"]
[EventRounds "11"]
[EventCountry "POL"]
[SourceTitle "EXT 2019"]
[Source "ChessBase"]
[SourceDate "2018.10.10"]
[SourceVersion "1"]
[SourceVersionDate "2018.10.10"]
[SourceQuality "1"]
[WhiteTeam "Chylice KS Laura U19 II"]
[BlackTeam "Myslenice MAT U20"]
[WhiteTeamCountry "POL"]
[BlackTeamCountry "POL"]

1. e4 c5 2. Nc3 Nc6 3. g3 g6 4. Bg2 Bg7 5. d3 d6 6. f4 Nf6 7. Nf3 Bd7 8. 0-0 0-0 9. h3 Rb8 10. Be3 b5 11. a3 Qc7 12. g4 b4 13. axb4 Nxb4 14. Nh4 Nc6 15. Rb1 Nd4 16. f5 Bc6 17. Ne2 Nxe2+ 18. Qxe2 Nd7 19. b3 Qb7 20. Bf4 Rbd8 21. g5 Qb6 22. Kh1 a5 23. Qe1 Qb4 24. Qg3 Qc3 25. Rbc1 a4 26. bxa4 Bxa4 27. Bf3 Bc6 28. Rf2 Ra8 29. Bd2 Qe5 30. Bf4 Qc3 31. Bd2 Qe5 32. Bf4 Qc3 33. Kg2 Ra2 34. Bg4 Ne5 35. Nf3 Rb8 36. Nxe5 Bxe5 37. Bxe5 Qxe5 38. Qh4 Rbb2 39. f6 exf6 40. gxf6 h5 41. Bf3 Ba4 42. Bd1 Bb5 43. Rd2 Qc3 44. Qg5 Bxd3 45. Qe3 Bxe4+ 46. Kf2 Qxe3+ 47. Kxe3 d5 48. Bf3 Ra3+ 49. c3 Rxd2 50. Bxe4 Rh2 51. Bxd5 Rxh3+ 52. Kf4 Rhxc3 53. Rb1 Ra7 54. Rb8+ Kh7 55. Re8 Ra6 56. Kg5 Rg3+ 57. Kf4 Rg4+ 58. Ke5 Rg5+ 59. Ke4 Rxf6 0-1

[Event "POL-chT U19 2nd League"]
[Site "Iwonicz"]
[Date "2016.07.31"]
[Round "7.29"]
[White "Kucharska, Honorata"]
[Black "Kasperek, Kinga"]
[Result "1-0"]
[WhiteElo "1855"]
[BlackElo "1585"]
[PlyCount "67"]
[EventDate "2016.07.23"]
[EventType "team-swiss"]
[EventRounds "11"]
[EventCountry "POL"]
[SourceTitle "EXT 2019"]
[Source "ChessBase"]
[SourceDate "2018.10.10"]
[SourceVersion "1"]
[SourceVersionDate "2018.10.10"]
[SourceQuality "1"]
[WhiteTeam "Rybnik MKSz U19 II"]
[BlackTeam "Myslenice MAT U20"]
[WhiteTeamCountry "POL"]
[BlackTeamCountry "POL"]

1. e4 c5 2. b3 Nc6 3. Bb2 d6 4. Bb5 Bd7 5. d3 e6 6. Bxc6 Bxc6 7. f4 Nf6 8. Nf3 Be7 9. 0-0 0-0 10. Nc3 Qc7 11. Ne2 b5 12. h3 d5 13. e5 Nd7 14. Ng3 f6 15. Qe2 Rae8 16. Rae1 a5 17. exf6 Bxf6 18. Bxf6 Rxf6 19. Nh5 Rff8 20. Nh4 Nf6 21. Nxf6+ Rxf6 22. Qg4 Bd7 23. Qg5 c4 24. d4 cxb3 25. cxb3 Qc3 26. Qe5 Qg3 27. Qd6 Rf7 28. Nf3 Qxf4 29. Ne5 Qxd4+ 30. Kh1 Rxf1+ 31. Rxf1 Bc8 32. Qc6 Rd8 33. Qc7 Qh4 34. Qf7+ 1-0

[Event "POL-chT U19 2nd League"]
[Site "Iwonicz"]
[Date "2016.07.31"]
[Round "11.11"]
[White "Reda, Patrycja"]
[Black "Kasperek, Kinga"]
[Result "0-1"]
[WhiteElo "1417"]
[BlackElo "1585"]
[PlyCount "90"]
[EventDate "2016.07.23"]
[EventType "team-swiss"]
[EventRounds "11"]
[EventCountry "POL"]
[SourceTitle "EXT 2019"]
[Source "ChessBase"]
[SourceDate "2018.10.10"]
[SourceVersion "1"]
[SourceVersionDate "2018.10.10"]
[SourceQuality "1"]
[WhiteTeam "Warszawa UKS Czternastka U19"]
[BlackTeam "Myslenice MAT U20"]
[WhiteTeamCountry "POL"]
[BlackTeamCountry "POL"]

1. d4 d5 2. Nf3 Nf6 3. Bg5 e6 4. Nbd2 Be7 5. e3 0-0 6. Bd3 Nbd7 7. 0-0 h6 8. Bh4 b6 9. c3 Bb7 10. Ne5 c5 11. f4 a6 12. Rf3 b5 13. Rh3 b4 14. g4 bxc3 15. bxc3 cxd4 16. exd4 Nxe5 17. fxe5 Nd7 18. Nf3 Bxh4 19. Rxh4 f6 20. Rh5 fxe5 21. Nxe5 Nxe5 22. Rxe5 Qh4 23. Qe2 Rf4 24. Rxe6 Qxg4+ 25. Qxg4 Rxg4+ 26. Kh1 Rc8 27. Bg6 Bc6 28. Rae1 Bb5 29. Rd6 Rf8 30. Rg1 Rgf4 31. h3 Rf3 32. Kh2 Rxc3 33. Rxd5 Bc6 34. Rf5 Rc2+ 35. Kg3 Rxa2 36. Rxf8+ Kxf8 37. Rf1+ Ke7 38. Rf2 Rxf2 39. Kxf2 Kd6 40. Ke3 a5 41. Bc2 a4 42. Bb1 a3 43. Kf4 Bd7 44. h4 Be6 45. d5 Kxd5 0-1

[Event "POL-ch U18 Girls"]
[Site "Karpacz"]
[Date "2015.??.??"]
[Round "8"]
[White "Kasperek, Kinga"]
[Black "Bebel, Agnieszka"]
[Result "1-0"]
[WhiteElo "1579"]
[BlackElo "1719"]
[PlyCount "111"]
[EventDate "2015.03.??"]
[EventType "swiss"]
[EventRounds "9"]
[EventCountry "POL"]
[SourceTitle "EXT 2017"]
[Source "ChessBase"]
[SourceDate "2016.10.25"]
[SourceVersion "1"]
[SourceVersionDate "2016.10.25"]
[SourceQuality "1"]

1. c4 e6 2. Nc3 d5 3. d4 Nf6 4. Bg5 Be7 5. e3 0-0 6. Nf3 b6 7. Bd3 Bb7 8. Bxf6 Bxf6 9. cxd5 exd5 10. b4 Qd6 11. b5 c5 12. 0-0 Re8 13. Rc1 Nd7 14. Qd2 Rad8 15. Rfd1 Nf8 16. a4 g6 17. Bb1 Ne6 18. Ba2 cxd4 19. exd4 Ng7 20. Rc2 Nf5 21. Rdc1 Rd7 22. Ne2 Kg7 23. Qd3 h6 24. Ng3 Nxg3 25. hxg3 Re4 26. Rd1 Qb4 27. Qb3 Qxb3 28. Bxb3 g5 29. Rcd2 Rc7 30. Rd3 g4 31. Nh4 Re6 32. Nf5+ Kg6 33. Ne3 Rd6 34. Nxg4 Bg7 35. Ne5+ Kh7 36. f4 h5 37. Kf2 f6 38. Nf3 Re6 39. Rh1 Kg6 40. Nh4+ Kf7 41. f5 Re4 42. Ng6 Kg8 43. Nf4 Rd7 44. Rxh5 Bf8 45. Kf3 Re8 46. Kf2 Bb4 47. g4 Re4 48. g3 Kg7 49. g5 fxg5 50. Rxg5+ Kf6 51. Rh5 Be1+ 52. Kf3 Rg7 53. g4 Kf7 54. g5 Ke8 55. Bxd5 Bxd5 56. Nxd5 1-0

[Event "POL-ch U18 Girls"]
[Site "Karpacz"]
[Date "2015.??.??"]
[Round "5"]
[White "Kasperek, Kinga"]
[Black "Kozaczynska, Aleksandra"]
[Result "1-0"]
[WhiteElo "1579"]
[BlackElo "1621"]
[PlyCount "135"]
[EventDate "2015.03.??"]
[EventType "swiss"]
[EventRounds "9"]
[EventCountry "POL"]
[SourceTitle "EXT 2017"]
[Source "ChessBase"]
[SourceDate "2016.10.25"]
[SourceVersion "1"]
[SourceVersionDate "2016.10.25"]
[SourceQuality "1"]

1. c4 c5 2. Nc3 d6 3. g3 e5 4. Bg2 g6 5. d3 Bg7 6. Nf3 Ne7 7. 0-0 Nbc6 8. a3 0-0 9. Qc2 h6 10. Rb1 a5 11. Bd2 Be6 12. Na4 Nf5 13. e3 Bd7 14. Nc3 Nfe7 15. Nb5 Be6 16. b4 axb4 17. axb4 b6 18. bxc5 bxc5 19. Bc3 Qd7 20. Nd2 f5 21. Ra1 Rab8 22. Ra6 d5 23. Qa4 d4 24. exd4 exd4 25. Ba5 Ra8 26. Bb6 Rxa6 27. Qxa6 Nb4 28. Qa3 Qc8 29. Nd6 Qa6 30. Qxa6 Nxa6 31. Re1 Nc8 32. Rxe6 Nxb6 33. Ne8 Nb4 34. Nxg7 Nc8 35. Rxg6 Kf7 36. Ne8 Rxe8 37. Rxh6 Re6 38. Rxe6 Kxe6 39. Bf1 Nb6 40. Nb3 Nd7 41. f4 Kf6 42. Kf2 Kg6 43. Kf3 Nc2 44. h3 Kh5 45. Be2 Kg6 46. g4 fxg4+ 47. hxg4 Ne3 48. Nd2 Kf6 49. Nf1 Nc2 50. Ke4 Nb4 51. Ng3 Ke6 52. g5 Kf7 53. f5 Kg7 54. Nh5+ Kf7 55. g6+ Kg8 56. Bg4 Nf8 57. Nf4 Nd7 58. Nd5 Nxd3 59. Kxd3 Ne5+ 60. Ke4 Nxg4 61. Kf4 Nf2 62. f6 Nh3+ 63. Kg4 Nf2+ 64. Kf3 Nd3 65. Ne7+ Kf8 66. g7+ Kf7 67. g8Q+ Kxf6 68. Nd5+ 1-0

[Event "POL-ch U18 Girls"]
[Site "Karpacz"]
[Date "2015.??.??"]
[Round "2"]
[White "Kasperek, Kinga"]
[Black "Lascar, Radoslawa"]
[Result "1/2-1/2"]
[WhiteElo "1579"]
[BlackElo "1681"]
[PlyCount "53"]
[EventDate "2015.03.??"]
[EventType "swiss"]
[EventRounds "9"]
[EventCountry "POL"]
[SourceTitle "EXT 2017"]
[Source "ChessBase"]
[SourceDate "2016.10.25"]
[SourceVersion "1"]
[SourceVersionDate "2016.10.25"]
[SourceQuality "1"]

1. c4 e6 2. Nc3 d5 3. d4 c5 4. Nf3 Nc6 5. e3 Nf6 6. Bd3 dxc4 7. Bxc4 cxd4 8. Nxd4 Nxd4 9. Qxd4 Qxd4 10. exd4 Bd7 11. d5 exd5 12. Nxd5 Nxd5 13. Bxd5 Bb4+ 14. Bd2 Bxd2+ 15. Kxd2 0-0-0 16. Kc3 Bf5 17. Rad1 f6 18. Rd4 Rhe8 19. Rhd1 Kc7 20. Rb4 b6 21. Rc4+ Kb8 22. Rcd4 Rc8+ 23. Rc4 Rcd8 24. Rcd4 Rc8+ 25. Rc4 Rcd8 26. Rcd4 Rc8+ 27. Rc4 1/2-1/2

[Event "POL-chT U19 2nd League"]
[Site "Szczyrk"]
[Date "2014.07.31"]
[Round "9.11"]
[White "Kasperek, Kinga"]
[Black "Reda, Lucja"]
[Result "1/2-1/2"]
[WhiteElo "1559"]
[BlackElo "1244"]
[PlyCount "82"]
[EventDate "2014.07.25"]
[EventType "team-swiss"]
[EventRounds "11"]
[EventCountry "POL"]
[SourceTitle "EXT 2015"]
[Source "ChessBase"]
[SourceDate "2014.11.20"]
[SourceVersion "1"]
[SourceVersionDate "2014.11.20"]
[SourceQuality "1"]
[WhiteTeam "Chrzanow UKS SP 8 U19"]
[BlackTeam "Warszawa UKS Czternastka U19"]
[WhiteTeamCountry "POL"]
[BlackTeamCountry "POL"]

1. c4 e6 2. g3 Nf6 3. Bg2 d5 4. Nf3 Nbd7 5. d3 Be7 6. 0-0 0-0 7. Nc3 b6 8. b3 Bb7 9. Bb2 c6 10. Rc1 Rc8 11. e3 Re8 12. Qe2 c5 13. Rfd1 a6 14. e4 d4 15. Nb1 e5 16. Nbd2 Qc7 17. a3 Rb8 18. Rc2 Rec8 19. Rb1 Qd8 20. Bc1 Ba8 21. Nf1 Bd6 22. Bg5 h6 23. Bd2 Nf8 24. b4 Ng6 25. b5 a5 26. a4 Qe7 27. Bc1 Rc7 28. N1d2 Bb7 29. Bb2 Bc8 30. Rcc1 Bd7 31. Ba1 Rcc8 32. Nb3 Ra8 33. Bb2 Ra7 34. Rd1 Qe8 35. Re1 Qe7 36. Red1 Qe8 37. Re1 Qe7 38. Red1 Qe8 39. Re1 Qe7 40. Red1 Qe8 41. Re1 Qe7 1/2-1/2

[Event "POL-chT U19 2nd League"]
[Site "Szczyrk"]
[Date "2014.07.29"]
[Round "7.5"]
[White "Kasperek, Kinga"]
[Black "Tracz, Marcelina"]
[Result "1/2-1/2"]
[WhiteElo "1559"]
[BlackElo "1760"]
[PlyCount "85"]
[EventDate "2014.07.25"]
[EventType "team-swiss"]
[EventRounds "11"]
[EventCountry "POL"]
[SourceTitle "EXT 2015"]
[Source "ChessBase"]
[SourceDate "2014.11.20"]
[SourceVersion "1"]
[SourceVersionDate "2014.11.20"]
[SourceQuality "1"]
[WhiteTeam "Chrzanow UKS SP 8 U19"]
[BlackTeam "Wieliczka MKS MOS U19"]
[WhiteTeamCountry "POL"]
[BlackTeamCountry "POL"]

1. c4 e5 2. Nc3 Nf6 3. g3 d5 4. cxd5 Nxd5 5. Bg2 Nb6 6. Nf3 Nc6 7. 0-0 Be7 8. d3 0-0 9. a4 a5 10. Be3 Be6 11. Rc1 Nd5 12. Nxd5 Bxd5 13. Bc5 f6 14. Qc2 Rc8 15. Bxe7 Qxe7 16. Qc5 Qd6 17. Nd2 Bxg2 18. Kxg2 Nd4 19. e3 Ne6 20. Qxd6 cxd6 21. Nc4 Nc5 22. Nxd6 Rcd8 23. Rxc5 Rxd6 24. Rd1 b6 25. Rc4 Rfd8 26. d4 Rd5 27. b4 b5 28. axb5 Rxb5 29. bxa5 Rxa5 30. Rc2 Rad5 31. Rcd2 Kf7 32. f4 g5 33. Kf3 h5 34. fxg5 fxg5 35. g4 Kg6 36. h3 hxg4+ 37. hxg4 Kf6 38. dxe5+ Kxe5 39. Rxd5+ Rxd5 40. Rxd5+ Kxd5 41. e4+ Kd4 42. e5 Kxe5 43. Ke3 1/2-1/2

[Event "POL-chT U19 44th"]
[Site "Karpacz"]
[Date "2013.07.29"]
[Round "8"]
[White "Kasperek, Kinga"]
[Black "Leks, Maria"]
[Result "0-1"]
[WhiteElo "1567"]
[BlackElo "2109"]
[PlyCount "50"]
[EventDate "2013.07.22"]
[EventType "team-tourn"]
[EventRounds "9"]
[EventCountry "POL"]
[SourceTitle "EXT 2014"]
[Source "ChessBase"]
[SourceDate "2013.11.20"]
[SourceVersion "1"]
[SourceVersionDate "2013.11.20"]
[SourceQuality "1"]
[WhiteTeam "Chrzanow UKS SP 8 U19"]
[BlackTeam "Warszawa Gulermak Polonia U19"]
[WhiteTeamCountry "POL"]
[BlackTeamCountry "POL"]

1. d4 c5 2. d5 e5 3. e4 d6 4. Bc4 Be7 5. Nf3 Bg4 6. Be2 Bxf3 7. Bxf3 Bg5 8. Bxg5 Qxg5 9. 0-0 Nh6 10. Nc3 a6 11. g3 0-0 12. Bg2 f5 13. f4 exf4 14. gxf4 Qf6 15. Kh1 Nd7 16. Qf3 Rae8 17. Rae1 Qd4 18. b3 Kh8 19. Rd1 Qf6 20. Rde1 g6 21. Bh3 Qf7 22. Qe3 Qg7 23. Qg3 Nf6 24. Bg2 Nh5 25. Qh4 Qxc3 0-1

[Event "POL-chT U19 44th"]
[Site "Karpacz"]
[Date "2013.07.28"]
[Round "7"]
[White "Gora, Antonina"]
[Black "Kasperek, Kinga"]
[Result "1-0"]
[WhiteElo "1832"]
[BlackElo "1567"]
[PlyCount "77"]
[EventDate "2013.07.22"]
[EventType "team-tourn"]
[EventRounds "9"]
[EventCountry "POL"]
[SourceTitle "EXT 2014"]
[Source "ChessBase"]
[SourceDate "2013.11.20"]
[SourceVersion "1"]
[SourceVersionDate "2013.11.20"]
[SourceQuality "1"]
[WhiteTeam "Tomaszow Lubelski UKS GIM Dwojka U19"]
[BlackTeam "Chrzanow UKS SP 8 U19"]
[WhiteTeamCountry "POL"]
[BlackTeamCountry "POL"]

1. e4 c5 2. Nf3 Nc6 3. d4 cxd4 4. Nxd4 g6 5. c4 Bg7 6. Be3 Nf6 7. Nc3 Ng4 8. Qxg4 Nxd4 9. Qd1 Ne6 10. Qd2 d6 11. Be2 Bd7 12. 0-0 Bc6 13. f3 0-0 14. Rac1 a5 15. b3 Nc5 16. Rfd1 Rc8 17. Qc2 Qc7 18. a3 b6 19. b4 axb4 20. axb4 Nd7 21. Qd2 Ra8 22. Kh1 Ra3 23. Bd4 Rfa8 24. Bxg7 Kxg7 25. Nd5 Bxd5 26. cxd5 Qa7 27. Bb5 Ra2 28. Qd4+ Nf6 29. e5 dxe5 30. Qxe5 Qa3 31. Rb1 Rc8 32. Bc6 Rc2 33. Qxe7 Qa2 34. Ra1 Qb2 35. Rdb1 Qc3 36. b5 Qd2 37. Rg1 Qf2 38. d6 Re2 39. d7 1-0

[Event "Krakow Malopolski-chB"]
[Site "Krakow"]
[Date "2013.05.01"]
[Round "4"]
[White "Adamczyk, Pawel"]
[Black "Kasperek, Kinga"]
[Result "1-0"]
[WhiteElo "1645"]
[BlackElo "1547"]
[PlyCount "43"]
[EventDate "2013.04.28"]
[EventType "swiss"]
[EventRounds "9"]
[EventCountry "POL"]
[SourceTitle "CBM 154 Extra"]
[Source "ChessBase"]
[SourceDate "2013.06.25"]
[SourceVersion "2"]
[SourceVersionDate "2013.06.25"]
[SourceQuality "1"]

1. e4 c5 2. Nf3 Nc6 3. d4 cxd4 4. Nxd4 g6 5. c4 Bg7 6. Be3 Nh6 7. Nc3 d6 8. Be2 0-0 9. 0-0 f5 10. exf5 Nxf5 11. Nxf5 Bxf5 12. Qd2 Ne5 13. Bh6 Qe8 14. Bxg7 Kxg7 15. Nd5 Qf7 16. f4 Nd7 17. Rae1 Nc5 18. b4 Ne4 19. Qd4+ Nf6 20. g4 Be4 21. Nxf6 Qxf6 22. Qxe4 1-0

[Event "POL-ch U16 Girls"]
[Site "Szczyrk"]
[Date "2013.??.??"]
[Round "8"]
[White "Bebel, Agnieszka"]
[Black "Kasperek, Kinga"]
[Result "1/2-1/2"]
[WhiteElo "1507"]
[BlackElo "1558"]
[PlyCount "104"]
[EventDate "2013.03.17"]
[EventType "swiss"]
[EventRounds "9"]
[EventCountry "POL"]
[SourceTitle "CBM 153 Extra"]
[Source "ChessBase"]
[SourceDate "2013.04.22"]
[SourceVersion "1"]
[SourceVersionDate "2013.04.22"]
[SourceQuality "1"]

1. e4 c5 2. Nf3 Nc6 3. d4 cxd4 4. Nxd4 g6 5. c4 Bg7 6. Be3 Nh6 7. Nc3 0-0 8. Be2 d6 9. 0-0 f5 10. f3 f4 11. Bf2 Nf7 12. Qd2 Nfe5 13. Rfd1 Bd7 14. a3 Rc8 15. b3 Kh8 16. Rac1 g5 17. Nd5 b6 18. Nb5 Be6 19. b4 Nd7 20. Kh1 a6 21. Nbc3 Nce5 22. Na4 Bxd5 23. Qxd5 h5 24. c5 b5 25. Nb6 Rc6 26. a4 Nf6 27. Qb3 g4 28. axb5 axb5 29. Bxb5 gxf3 30. gxf3 Rc7 31. Qe6 Ne8 32. Qh3 Nf6 33. Bh4 Rb7 34. Rc2 Ra7 35. Ba4 Qb8 36. Rg1 Rxa4 37. Nxa4 Qxb4 38. Nb2 Qb3 39. Rgg2 Qxf3 40. Qxf3 Nxf3 41. Bxf6 Bxf6 42. Rgf2 Nd4 43. Rc4 dxc5 44. Rxf4 Ne6 45. Rf2 Rg8 46. Nd3 Bd4 47. Rg2 Rf8 48. Rg3 Kh7 49. Ra4 Nf4 50. Nc1 Ng6 51. Nd3 Nf4 52. Nc1 Ng6 1/2-1/2

[Event "POL-ch U16 Girls"]
[Site "Szczyrk"]
[Date "2013.??.??"]
[Round "9"]
[White "Kasperek, Kinga"]
[Black "Rylska, Kamila"]
[Result "1/2-1/2"]
[WhiteElo "1558"]
[BlackElo "1348"]
[PlyCount "86"]
[EventDate "2013.03.17"]
[EventType "swiss"]
[EventRounds "9"]
[EventCountry "POL"]
[SourceTitle "CBM 153 Extra"]
[Source "ChessBase"]
[SourceDate "2013.04.22"]
[SourceVersion "1"]
[SourceVersionDate "2013.04.22"]
[SourceQuality "1"]

1. c4 e5 2. Nc3 Nf6 3. g3 Bb4 4. Bg2 0-0 5. e3 c6 6. Nge2 d5 7. cxd5 cxd5 8. d4 exd4 9. Nxd4 Nc6 10. 0-0 Bxc3 11. bxc3 Bg4 12. Qa4 Qd7 13. Nxc6 Qxc6 14. Qxc6 bxc6 15. Ba3 Rfe8 16. c4 Rac8 17. cxd5 Nxd5 18. Rac1 h6 19. Rc5 Be6 20. Rfc1 Ne7 21. R5c2 Bf5 22. Rb2 Nd5 23. Bc5 a6 24. a3 Be4 25. Bxe4 Rxe4 26. Bd4 Re7 27. Rbc2 Re6 28. Rc5 Nf6 29. Bxf6 Rxf6 30. Ra5 Ra8 31. e4 Re6 32. Rc4 Kf8 33. Kf1 Ke7 34. Ke2 Kd6 35. Rac5 Kd7 36. Rf5 f6 37. Rfc5 Rb8 38. Ra5 Rb2+ 39. Ke3 Rb3+ 40. Ke2 Rb2+ 41. Ke3 Rb3+ 42. Ke2 Rb2+ 43. Ke3 Rb3+ 1/2-1/2

[Event "Solina Mind Sports U14 Girls op "]
[Site "Solina"]
[Date "2012.04.20"]
[Round "8"]
[White "Kasperek, Kinga"]
[Black "Rudol, Maria"]
[Result "1/2-1/2"]
[WhiteElo "1518"]
[BlackElo "1480"]
[PlyCount "92"]
[EventDate "2012.04.15"]
[EventType "swiss"]
[EventRounds "9"]
[EventCountry "POL"]
[SourceTitle "EXT 2014"]
[Source "ChessBase"]
[SourceDate "2013.11.20"]
[SourceVersion "1"]
[SourceVersionDate "2013.11.20"]
[SourceQuality "1"]

1. c4 c5 2. Nc3 Nc6 3. g3 g6 4. Bg2 Bg7 5. Nf3 Nf6 6. 0-0 0-0 7. d4 d6 8. b3 b6 9. Bb2 Bb7 10. d5 Nb8 11. Rb1 Nbd7 12. h3 h6 13. Kh2 Kh7 14. Re1 e5 15. e4 Qe7 16. a4 a5 17. Nb5 Ng8 18. g4 g5 19. Nd2 Qf6 20. Qf3 Qxf3 21. Bxf3 Bf6 22. Nf1 Be7 23. Ng3 Ba6 24. Nf5 Bxb5 25. axb5 f6 26. Ra1 Rfd8 27. Bc3 Nf8 28. h4 Ng6 29. h5 Nf4 30. Be2 Nxe2 31. Rxe2 Bf8 32. Rea2 Rac8 33. Bd2 Ne7 34. Nxe7 Bxe7 35. Kg3 Rf8 36. Re1 Kg7 37. Re3 Rf7 38. Rf3 Rc7 39. Rf5 Bd8 40. Ra1 Ra7 41. Be3 Rfc7 42. Kg2 Rc8 43. Rf3 Rca8 44. Ra4 Rf7 45. Rf5 Bc7 46. Bd2 Kg8 1/2-1/2

[Event "Podlaskie-ch U15 Girls 17th"]
[Site "Suwalki"]
[Date "2011.04.20"]
[Round "9"]
[White "Rolka, Anna"]
[Black "Kasperek, Kinga"]
[Result "1/2-1/2"]
[WhiteElo "1499"]
[BlackElo "1509"]
[PlyCount "89"]
[EventDate "2011.04.14"]
[EventType "swiss"]
[EventRounds "10"]
[EventCountry "POL"]
[SourceTitle "EXT 2012"]
[Source "ChessBase"]
[SourceDate "2011.11.24"]
[SourceVersion "1"]
[SourceVersionDate "2011.11.24"]
[SourceQuality "1"]

1. d4 d5 2. e3 Nf6 3. Nf3 e6 4. Be2 c5 5. b3 Nc6 6. Bb2 Bd6 7. Nbd2 0-0 8. 0-0 b6 9. Ne5 Bb7 10. c4 Rc8 11. Rc1 Qe7 12. a4 a5 13. f4 Nd7 14. Bd3 f6 15. Nxd7 Qxd7 16. cxd5 exd5 17. Qh5 f5 18. Nf3 Qf7 19. Qxf7+ Rxf7 20. Ne5 Bxe5 21. fxe5 cxd4 22. exd4 g6 23. Bb5 Rfc7 24. Bxc6 Rxc6 25. Rxc6 Rxc6 26. Rc1 Kf7 27. Kf2 Rxc1 28. Bxc1 Bc6 29. Ba3 b5 30. axb5 Bxb5 31. Ke3 Bf1 32. g3 Bb5 33. Kf4 h6 34. h4 a4 35. bxa4 Bxa4 36. g4 Bd7 37. gxf5 Bxf5 38. h5 Be6 39. hxg6+ Kxg6 40. Kg3 Bd7 41. Kh4 Be6 42. Bc1 Bd7 43. Kg3 h5 44. Kh4 Be6 45. Be3 1/2-1/2